00544cas a22001812a 4500001000900000003001100009008004700020092001500067245006600082300005600148022001400204260001200218260001100230260004500241650005200286942000900338999001500347 000454 AR-FADEU 311216n############xxu####################dd aPP(361)BOL aBoletín de estudios y documentación de servicios sociales b1979 (15); 1985 (21, 22/23, 25); ind. (1/80, 20/84) a0211-0334 bINSERSO aMadrid aInstituto Nacional de Servicios Sociales aCREATIVIDAD -TERCERA EDAD; VEJEZ-DROGAS LEGALES cPPGR c2363d2363